000 00577nam a2200193Ia 4500
003 IN-BaIIA
008 211028s9999 xx 000 0 eng d
020 _a0-08-022047-9
040 _cIIA Library
080 _a523.31-423.3
_bMEL
100 _aMelchior, Paul
_96354
245 4 _aThe tides of the planet earth
_cPaul Melchior
260 _aOxford
_bPergamon Press
_c1978
300 _axi, 609p.
650 _aAstronomy and astrophysics thesaurus
650 _aAtmospheric tides
650 _aEarth - tides
_912258
942 _cBK
999 _c7149
_d7149